UBT Library

HOW LABOUR BUILT NEOLIBERALISIM (Record no. 59566)

000 -LEADER
fixed length control field 00334nam a22001457a 4500
008 - FIXED-LENGTH DATA ELEMENTS--GENERAL INFORMATION
fixed length control field 230418b ||||| |||| 00| 0 eng d
020 ## - INTERNATIONAL STANDARD BOOK NUMBER
International Standard Book Number 9789004349001
041 ## - LANGUAGE CODE
Language code of text/sound track or separate title eng
080 ## - UNIVERSAL DECIMAL CLASSIFICATION NUMBER
Edition identifier VOLUME126
Universal Decimal Classification number 94
082 ## - DEWEY DECIMAL CLASSIFICATION NUMBER
Classification number 94
100 ## - Rafti
Rafti 28
101 ## - Shkurtesa
Shkurtesa HISTORI
245 ## - TITLE STATEMENT
Title HOW LABOUR BUILT NEOLIBERALISIM
Statement of responsibility, etc HUMPHRYS E
942 ## - ADDED ENTRY ELEMENTS (KOHA)
Source of classification or shelving scheme
Item type Books
Holdings
Withdrawn status Lost status Source of classification or shelving scheme Damaged status Not for loan Collection code Permanent location Current location Date acquired Total Checkouts Full call number Barcode Date last seen Price effective from Koha item type
          Koleksioni i përgjithshem UBT - Lipjan UBT - Lipjan 04/18/2023   94HUM 002-80006029 04/18/2023 04/18/2023 Books
          Koleksioni i përgjithshem UBT - Lipjan UBT - Lipjan 04/18/2023   94HUM 002-80006030 04/18/2023 04/18/2023 Books
          Koleksioni i përgjithshem UBT - Lipjan UBT - Lipjan 04/18/2023   94HUM 002-80006031 04/18/2023 04/18/2023 Books
          Koleksioni i përgjithshem UBT - Lipjan UBT - Lipjan 04/18/2023   94HUM 002-80006032 04/18/2023 04/18/2023 Books
UBT Library © 2015-2024. All rights reserved University Education for Business and Technology